Statistics for Poorly described Disney Movies

Click here to take the quiz!

General Stats

  • This quiz has been taken 223 times
  • The average score is 15 of 19

Answer Stats

YearDescriptionsAnswer% Correct
1940Kid made from woodPinocchio
100%
1950Girl apparently has a unique shoe sizeCinderella
95%
1991Bunch of furniture starts singingBeauty and the Beast
94%
1937An apple a day apparently does NOT keep the doctor awaySnow White and the Seven Dwarfs
93%
1961Psychopath steals buch of baby dogs101 Dalmatians
92%
1992Poor guy finds blue guy in a lampAladdin
90%
1997Hades is the king of sassHercules
90%
1989Lots of fish, there is also a crab involvedThe Little Mermaid
90%
1998Girl cuts her hair, goes to warMulan
89%
1955Posh dog meets steet dog, they eat pastaLady and the Tramp
87%
1967Half-naked kid hangs out with a bearThe Jungle Book
86%
2007Rodent helps guy named after pastaRatatouille
84%
1996Deformed man lives in a churchThe Hunchback of Notre Dame
82%
1953He wants to be a child foreverPeter Pan
77%
1942We all cried when the hunter fired, admit itBambi
76%
2000Sassy emperor is turned into an animalThe Emperor's New Groove
74%
1970Rich pets get kidnappedThe Aristocats
49%
1986Sherlock Holmes, but with miceThe Great Mouse Detective
47%
1981Interspecies animal friendshipThe Fox and the Hound
40%

Score Distribution

Percentile by Number Answered

Percent of People with Each Score

Your Score History

You have not taken this quiz